Szegedi Hiradó. - 32.évf. (1890) 184.sz.
Elmentve itt :
| Dokumentumtípus: | Újság |
|---|---|
| Megjelent: |
1890
|
| Sorozat: | Szegedi Hiradó
32 No. 184 |
| Online Access: | http://misc.bibl.u-szeged.hu/58984 |
| LEADER | 00512nas a2200145 i 4500 | ||
|---|---|---|---|
| 001 | misc58984 | ||
| 005 | 20210707112343.0 | ||
| 008 | 210707s1890 hu n o 0|| zxx d | ||
| 040 | |a SZTE Miscellanea Repozitórium |b hun | ||
| 041 | |a zxx | ||
| 245 | 0 | 0 | |a Szegedi Hiradó. - 32.évf. (1890) 184.sz. |h [elektronikus dokumentum] |
| 260 | |c 1890 | ||
| 490 | 0 | |a Szegedi Hiradó |v 32 No. 184 | |
| 561 | |a Szegedi helytörténeti dokumentumok | ||
| 856 | 4 | 0 | |u http://misc.bibl.u-szeged.hu/58984/1/szegedi_hirado_1890_32_184.pdf |z Dokumentum-elérés |